|
|
|
|
| LEADER |
01791nam a2200445 i 4500 |
| 001 |
nkc20253677363 |
| 003 |
CZ PrNK |
| 005 |
20250414085634.0 |
| 007 |
ta |
| 008 |
250318s2025 xr ag a 000 0 cze |
| 015 |
|
|
|a cnb003677363
|
| 020 |
|
|
|a 978-80-266-2065-5
|q (vázáno) :
|c Kč 369,00
|
| 035 |
|
|
|a (OCoLC)1519102603
|
| 040 |
|
|
|a BOA001
|b cze
|e rda
|
| 072 |
|
7 |
|a 786
|x Hudba pro klávesové nástroje
|2 Konspekt
|9 9
|
| 072 |
|
7 |
|a 0/9-053.2
|x Literatura pro děti a mládež (naučná)
|2 Konspekt
|9 26
|
| 080 |
|
|
|a 780.616.433.02
|2 MRF
|
| 080 |
|
|
|a (0.053.2)
|2 MRF
|
| 100 |
1 |
|
|a Cimlová, Štěpánka,
|d 1987-
|7 xx0193920
|4 aut
|
| 245 |
1 |
0 |
|a Škola hry na klavír :
|b barevné klávesy : nejsnazší cesta ke hře na klavír pro děti i dospělé : průvodce pro rodiče - metodika pro učitele - učebnice pro samouky /
|c napsala a ilustrovala Štěpánka Cimlová
|
| 246 |
3 |
|
|a Barevné klávesy - Škola hry na klavír
|
| 250 |
|
|
|a 2. vydání
|
| 264 |
|
1 |
|a V Brně :
|b Edika,
|c 2025
|
| 300 |
|
|
|a 103 stran :
|b barevné ilustrace, noty ;
|c 22 x 25 cm
|
| 336 |
|
|
|a text
|b txt
|2 rdacontent
|
| 336 |
|
|
|a statický obraz
|b sti
|2 rdacontent
|
| 337 |
|
|
|a bez média
|b n
|2 rdamedia
|
| 338 |
|
|
|a svazek
|b nc
|2 rdacarrier
|
| 521 |
8 |
|
|a Pro děti od 4 let
|
| 650 |
0 |
7 |
|a hra na klavír
|7 ph135165
|2 czenas
|
| 650 |
0 |
9 |
|a piano playing
|2 eczenas
|
| 655 |
|
7 |
|a publikace pro děti
|7 fd133156
|2 czenas
|
| 655 |
|
9 |
|a children's literature
|2 eczenas
|
| 700 |
1 |
2 |
|i Doplňuje učebnici:
|a Cimlová, Štěpánka,
|d 1987-
|t Klavírní cvičení pro začátečníky
|
| 910 |
2 |
|
|a BOA001
|b 2-1541.409
|
| 928 |
9 |
|
|a Albatros Media - Edika
|
| 990 |
|
|
|a BK
|
| 995 |
|
|
|a 01
|
| 991 |
|
|
|b 202503
|c NOV
|
| 996 |
6 |
|
|b 2610998641
|c 2-1541.409
|l MZK
|r Sklad / do 1 hodiny
|n 1
|p p.v.
|w 001999330
|u 000010
|a 1
|e BOA001
|j MZK50
|s P
|